000 004370000a22001810004500
020 _a0-88207-637-X
041 0 _aENG
082 0 4 _aG 253.5 W2561v
100 1 _aWard, Ted
245 1 0 _aValues begin at home / Ted Ward
260 _aWheaton, ILL., USA : Victor
300 _a120 Pag
001 6508
942 _cBK
999 _c36778
_d36778
336 _atexto
_btxt
_2rdacontent
337 _2rdamedia
_asin mediación
_bn
338 _2rdacarrier
_avolumen
_bnc